All 5k+ cities in Iowa on a map - Statistics

General Stats
  • This quiz has been taken 18 times
  • The average score is 32 of 85
Answers on the Map
Answers color-coded by a green-red scale on the quiz's map according to % correct below.
 
Answer Stats
City Population % Correct
Ames 66,427
100%
Davenport 101,724
100%
Des Moines 214,133
100%
Sioux City 85,797
100%
Cedar Rapids 137,710
93%
Council Bluffs 62,799
93%
Iowa City 74,828
93%
West Des Moines 68,723
93%
Dubuque 59,667
86%
Waterloo 67,314
86%
Ankeny 67,887
79%
Cedar Falls 40,713
79%
Ottumwa 25,529
71%
Bettendorf 39,102
64%
Mason City 27,338
64%
Urbandale 45,580
64%
Marion 41,535
57%
Marshalltown 27,591
57%
Altoona 19,565
50%
Burlington 23,982
50%
Fort Dodge 24,871
50%
Keokuk 9,900
50%
Clinton 24,469
43%
Decorah 7,587
43%
Hiawatha 7,183
43%
Indianola 15,833
43%
Johnston 24,064
43%
Muscatine 23,797
43%
Newton 15,760
43%
Carroll 10,321
36%
Charles City 7,396
36%
Clive 18,601
36%
Coralville 22,318
36%
Iowa Falls 5,106
36%
Knoxville 7,595
36%
Le Mars 10,571
36%
North Liberty 20,479
36%
Pella 10,464
36%
Storm Lake 11,269
36%
Atlantic 6,792
29%
Boone 12,460
29%
Clear Lake 7,687
29%
Fort Madison 10,270
29%
Grimes 15,392
29%
Grinnell 9,564
29%
Maquoketa 6,128
29%
Mount Pleasant 9,274
29%
Nevada 6,925
29%
Oskaloosa 11,558
29%
Sioux Center 8,229
29%
Washington 7,352
29%
Waukee 23,940
29%
Waverly 10,394
29%
Adel 6,153
21%
Bondurant 7,365
21%
Creston 7,536
21%
Denison 8,373
21%
DeWitt 5,514
21%
Eldridge 6,726
21%
Fairfield 9,416
21%
Red Oak 5,596
21%
Spirit Lake 5,439
21%
Webster City 7,825
21%
Algona 5,487
14%
Anamosa 5,450
14%
Asbury 5,943
14%
Centerville 5,412
14%
Clarinda 5,369
14%
Estherville 5,904
14%
Independence 6,064
14%
Manchester 5,065
14%
Norwalk 12,799
14%
Oelwein 5,920
14%
Orange City 6,267
14%
Osceola 5,415
14%
Perry 7,836
14%
Pleasant Hill 10,147
14%
Sergeant Bluff 5,015
14%
Sheldon 5,512
14%
Spencer 11,325
14%
Windsor Heights 5,252
14%
Winterset 5,353
14%
Cherokee 5,199
7%
Glenwood 5,073
7%
Polk City 5,543
7%
No matching quizzes found
Score Distribution
Percent of People with Each Score
Percentile by Number Answered
Your Score History
You have not taken this quiz